000 00547nam a2200181 i 4500
001 134493
003 ES-MaACL
005 20230906194702.0
007 t|
008 070911s1958 sp ||||1| spa d
100 1 _aWhiting, Percy H.
_9116705
245 1 4 _aLas cinco grandes reglas de la venta /
_cpor Percy H. Whiting ; [traducción por Rafael Estartús].
260 _aBarcelona :
_bOmega,
_c1958.
300 _a334 p. ;
_c22 cm.
650 0 4 _aVenta.
_917760
700 1 _aEstartús, Rafael.
_948021
852 _aES-MaACL
_jC-16055
_bR.44043
999 _c134493
_d134493